000 00304nam a22001337a 4500
008 170424b xxu||||| |||| 00| 0 eng d
020 _a9780470554227
041 _aeng
080 _213TH
_a54
100 _a12
101 _aSHM
245 _aFOUNDATIONS OF COLLEGE CHEMISTRY
_cHEIN, M
942 _2udc
_cBK
999 _c11726
_d11726